| 000 | 00932nam a22001937a 4500 | ||
|---|---|---|---|
| 999 |
_c60329 _d60329 |
||
| 003 | Ge_BSU | ||
| 005 | 20230629122340.0 | ||
| 008 | 230629s1977 ge ||||| |||| 00| 0 geo d | ||
| 041 | _ageo | ||
| 080 | _a903.5(479.224) ბ-25 | ||
| 100 |
_aბარამიძე, მ. _917541 |
||
| 245 |
_aმერხეულის სამაროვანი / _c მ. ბარამიძე; რედ. თ. მიქელაძე; საქ. სსრ მეცნ. აკადემიის არქეოლოგიური კომისია. |
||
| 264 |
_aთბილისი : _bმეცნიერება, _c1977. |
||
| 300 |
_a84 გვ. : _b5 ფ. ილ. ; _c 21 სმ. |
||
| 520 | _aრეზ. რუს. და ინგლ. ენ. | ||
| 653 | _aსამარხები აფხაზეთში | ||
| 700 |
_aმიქელაძე, თ. _eრედაქტორი _918234 |
||
| 942 |
_2udc _cBK |
||